1133 1691 1111 1078 1176 1919 1026 1161 1188 1891 1835 1904 1209 1406 1559 1572 1395 1402 1950 1970 1857 1231 1076 1189 1432 1240 1972 1279 1635 1395 1392 1886 1229 1294 1768 1305 1151 1509 1930 1493 1777 1628 1877 1929 1593 1706 1291 1772 1880 1700 1329 1273 1542 1709 1479 1834 1935 1003 1368 1324 1256 1946 1622 1067 1784 1149 1772 1595 1204 1785 1505 1939 1079 1251 1875 1408 1605 1677 1072 1728 1512 1971 1300 1597 1869 1187 2000 1814 1067 1526 1640 1072 1289 1471 1494 1218 1077 1289 1754 BCNSPRNW ULIB Ver.6.0+V

เปลี่ยนเป็นภาษาไทย

Change to English
 แสดงรายละเอียดบรรณานุกรม
  กลับหน้าหลัก

Brief Record : Get Marc (ISO 2709) : E-mail record : QR code < ปิดหน้าต่าง
LEADER : 00000nam 2200000uu 4500
001    13399111576
003     ULIB
008    110701s||||||||th 000 0 tha d
020    9747252791
050  4 BQ4570^bว533น 2546
100 0  วิชชุ เวชชาชีวะ
245 10 แนะนำมิลินทปัญหา :^bปัญญาพระนาคเสน /^c[วิชชุ เวชชาชีวะ, เรียบเรียง]
250    พิมพ์ครั้งที่่ 3
260    กาญจนบุรี :^bวัดเวฬุวัน,^c2546
300    [12], 83 หน้า :^bภาพประกอบ, แผนที่ ;^c21 ซม
650  7 พุทธศาสนา^xคำถามและคำตอบ
650  7 มิลินทปัญหา
945    ^p0^l0^i020680
945    ^p0^l0^i020681
995    ทศพร
999 ^a ใช้งานได้ทุกระบบ
รายการนี้ยังไม่มีแท็ก
คุณยังไม่ได้ล็อกอิน คุณสามารถมีกิจกรรมร่วมกับเว็บไซต์ได้ แต่ต้องล็อกอินก่อน ::
  ล็อกอิน

รายการสื่อสารสนเทศ

ลำดับที่ ประเภท เลขเรียก/บาร์โค้ด สถานที่ สถานะ
- ไม่พบข้อมูล -

BibComment


ยังไม่เคยถูกคอมเมนท์

คอมเมนท์ทรัพยากรรายการนี้
  คอมเมนท์: แนะนำมิลินทปัญหา ..


 Copyright 2026. Bcnsprnw @Library